"Veľká špina okolo nás."

Bibliographic Details
Main Authors: Chytilová, Věra, 1929-2014 (Author), Nágel, Peter (Author)
Format: Article
Language:Slovak
PhysicalDescription:Fot. 3.
Subjects:

MARC

LEADER 00000nab a2200000 a 4500
001 vtls000454549
003 SK-MaSNL
005 20260302235922.0
008 160201c1992 xo 0 slo
015 |a SNBRB19rr/mm-uuuuu 
035 |a CL0454680 
040 |a SNKBUCL  |b slo  |c SNKBUCL  |e AACR2 
041 0 |a slo 
044 |a xo  |c SK 
080 |a 791.44.071.1  |2 1981 
080 |a 929 Chytilová, Věra  |2 1981 
100 1 |a Chytilová, Věra,  |d 1929-2014  |4 aut  |9 100834 
245 1 0 |a "Veľká špina okolo nás."  |c Věra Chytilová, Peter Nágel 
300 |b Fot. 3. 
600 1 7 |a Chytilová, Věra,  |d 1929-2014  |2 snkbucl  |9 100834 
655 7 |a články z novín a časopisov  |2 snkbucl  |9 267496 
700 1 |a Nágel, Peter  |4 aut  |9 270618 
773 0 |t Film Fan  |g Roč. 2, č. 5 (1992), s. 23, 32, 34 
850 |a Slovenská národná knižnica v Martine  |a MTA001 
852 |a SNK  |b KIS3GCP 
958 |a RK 
958 |a CZ 
992 |a RBX 
999 |c 1556413  |d 1558343